000 00407nam a22001697a 4500
003 CEME
005 20210628203543.0
008 210119b xxu||||| |||| 00| 0 eng d
040 _c.
082 _a891.4392 BIL
100 _aBilgrami, Syed Anwar Ahmed
_966221
245 _aShakastee shab
260 _aLAHORE
_bALHAMRA
_c2006
300 _a304P
650 _aURDU ADAB-ESSAYS
_957599
942 _cBK
_2ddc
999 _c574217
_d574217